Fractions = trouble! / (Record no. 231)

MARC details
000 -LEADER
fixed length control field 01134nam a22003497a 4500
001 - CONTROL NUMBER
control field 231
003 - CONTROL NUMBER IDENTIFIER
control field FISKH
005 - DATE AND TIME OF LATEST TRANSACTION
control field 20230309084130.0
008 - FIXED-LENGTH DATA ELEMENTS--GENERAL INFORMATION
fixed length control field 230309b cb ||||| |||| 00| 0 eng d
020 ## - INTERNATIONAL STANDARD BOOK NUMBER
International Standard Book Number 9780545518499
040 ## - CATALOGING SOURCE
Original cataloging agency DLC
Transcribing agency DLC
Language of cataloging eng
Modifying agency FISKH
042 ## - AUTHENTICATION CODE
Authentication code lcac
050 00 - LIBRARY OF CONGRESS CALL NUMBER
Classification number PZ7.M63963
Item number Fr 2011
082 00 - DEWEY DECIMAL CLASSIFICATION NUMBER
Classification number 543
Edition number 22
100 1# - MAIN ENTRY--PERSONAL NAME
Personal name Mills, Claudia.
245 10 - TITLE STATEMENT
Title Fractions = trouble! /
Statement of responsibility, etc. Claudia Mills ; pictures by G. Brian Karas.
246 3# - VARYING FORM OF TITLE
Title proper/short title Fractions equal trouble!
250 ## - EDITION STATEMENT
Edition statement 1st ed.
260 ## - PUBLICATION, DISTRIBUTION, ETC.
Place of publication, distribution, etc. New York
Name of publisher, distributor, etc. Scholastic
Date of publication, distribution, etc. 2011
300 ## - PHYSICAL DESCRIPTION
Extent 113 p.
Other physical details ill.
Dimensions 20 cm.
500 ## - GENERAL NOTE
General note Sequel to: 7 x 9 = trouble!
505 ## - FORMATTED CONTENTS NOTE
Formatted contents note M
520 ## - SUMMARY, ETC.
Summary, etc. While trying to decide on a science fair project, third-grader Wilson struggles with with fractions and, much to his embarrassment, his parents sign him up to work with a math tutor.
521 8# - TARGET AUDIENCE NOTE
Target audience note 760 <br/>
Source Lexile
521 8# - TARGET AUDIENCE NOTE
Target audience note M
Source Raz-Plus
650 #1 - SUBJECT ADDED ENTRY--TOPICAL TERM
Topical term or geographic name entry element Fractions
Form subdivision Fiction.
650 #1 - SUBJECT ADDED ENTRY--TOPICAL TERM
Topical term or geographic name entry element Science projects
Form subdivision Fiction.
650 #1 - SUBJECT ADDED ENTRY--TOPICAL TERM
Topical term or geographic name entry element Schools
Form subdivision Fiction.
700 1# - ADDED ENTRY--PERSONAL NAME
Personal name Karas, G. Brian,
Relator term ill.
906 ## - LOCAL DATA ELEMENT F, LDF (RLIN)
a 7
b cbc
c orignew
d 1
e ecip
f 20
g y-gencatlg
942 ## - ADDED ENTRY ELEMENTS (KOHA)
Source of classification or shelving scheme Dewey Decimal Classification
Koha item type Books
Suppress in OPAC No
Holdings
Withdrawn status Lost status Source of classification or shelving scheme Damaged status Not for loan Collection Home library Current library Shelving location Date acquired Total Checkouts Full call number Barcode Date last seen Price effective from Koha item type Copy number
    Dewey Decimal Classification     Juvenile Fiction Footprints International School Library Network Toul Kork Campus Footprints International School Library Network Toul Kork Campus TK Primary Library Room(4th Floor), Bookcase 5&6, Shelves 33-56, Orange Books 03/09/2023   MIL 543 PZ7.M63963 FISTK00651 03/09/2023 03/09/2023 Books  
    Dewey Decimal Classification     Juvenile Fiction Footprints International School Library Network Toul Kork Campus Footprints International School Library Network Toul Kork Campus TTP Primary Orange Bookshelves 09/19/2024   MIL 543 PZ7.M63963 2024-2040 09/19/2024 09/19/2024 Books 2